000 00395nam a22001697a 4500
003 MPLRDC
005 20220104114129.0
008 210129b ||||| |||| 00| 0 eng d
082 _a782.861 YQ
100 _a孙高亮
245 _a于谦全传
_c
250 _a一版一刷
260 _a
_b浙江人民出版社
_c1981
300 _b
650 _a于谦传记
942 _cBK
_o782.861 YQ
999 _c5057
_d5047